Word Answers With Q Not Followed by U - Statistics

General Stats
  • This quiz has been taken 429 times
    63 since last reset
  • The average score is 10 of 18
Answer Stats
Hint Answer % Correct
Only country starting with Q Qatar
100%
Only country ending in Q Iraq
95%
"Breath" or "life force" in traditional Chinese medicine
89%
Standard English keyboard layout qwerty
80%
Type of matrix barcode pictured above {QR} code
77%
1636–1912 Chinese dynasty Qing
75%
Useful section to look for answers on a web site, for example FAQ
68%
Totally enveloping outer garment worn by some Muslim women burqa
64%
Alternative spelling for the currency of Israel sheqel / sheqalim
64%
Another Islamic facial covering, which leaves the eyes uncovered niqab
43%
1982 arcade game about jumping on cubes and changing their colors Q*bert
43%
Latin abbreviation written at the end of a mathematical proof Q.E.D.
43%
Large gulf at the northern tip of the Red Sea Gulf of {Aqaba}
41%
5-letter acronym for Josh Homme's band QOTSA
39%
Shortened slang word for a sedative (perhaps shot at an animal) {tranq}
39%
American fast food Mexican chain Qdoba
34%
Middle Eastern equivalent of a bazaar souq
32%
Islamic term: the direction towards the Kaaba in Mecca qibla
20%
No matching quizzes found
Score Distribution
Percent of People with Each Score
Percentile by Number Answered
Your Score History
You have not taken this quiz since the last reset